00698 2200265 4500001002100000005001700021008004100038020001800079035002400097082001100121090002100132100002400153245006200177250001000239260003100249300002900280500002600309650001800335850001500353980001300368985000600381999001500387999001500402999001500417YOGYA-0209000003508920090227024953.0 ind  a979-9286-08-x 0010-020900000035089 a330.04 a330.04bMul NlT aMULYONO, Mas Bagong aWirausaha vulkanisir ban sepeda motorcMas Bagong Mulyono aCet.1 aJakartabPuspa Swarac2000 avii, 52 hlmbilusc21 cm aBibliografi : hlm. 51 aKewirausahaan aYOPDYOG(B) a28-12-06 a3 a00P0001434 a00P0001435 a00P0001436